| 000 | 00000nas 2200000za 4500 |
| 001 | 9.846691 |
| 003 | CaOODSP |
| 005 | 20221107153250 |
| 007 | cr ||||||||||| |
| 008 | 171107c20179999oncfr m o f0 a0eng|d |
| 022 | # |a2561-343X |
| 040 | |aCaOODSP|beng |
| 043 | |an-cn--- |
| 086 | 1 |aFA1-27E-PDF |
| 110 | 1 |aCanada. |bOffice of the Auditor General. |
| 222 | 0|aReports of the Auditor General of Canada to the Parliament of Canada |b(Online) |
| 245 | 10|aReports of the Auditor General of Canada to the Parliament of Canada |h[electronic resource]. |
| 260 | |a[Ottawa] : |bOffice of the Auditor General of Canada, |c[2017]- |
| 310 | |a2 to 3 times a year |
| 362 | 0 |aBegan with Spring 2017. |
| 500 | |aIssued also in French under title: Rapports du vérificateur général du Canada au Parlement du Canada. |
| 520 | 3 |aPresents the results of audits done this year by the Auditor General to provide objective information, advice, and assurance to Parliament, government, and Canadians. |
| 530 | |aIssued also in print. |
| 692 | 07|2gccst|aAudit |
| 775 | 08|tRapports du vérificateur général du Canada au Parlement du Canada |w(CaOODSP)9.846693 |
| 776 | 0#|tReports of the Auditor General of Canada to the Parliament of Canada.|w(CaOODSP)9.846696 |
| 780 | 00|tReports of the Auditor General of Canada |w(CaOODSP)9.811230 |